000 00305nam a22001337a 4500
008 170310b xxu||||| |||| 00| 0 eng d
020 _a9781605470771
041 _aeng
080 _210 ED
_a616.5
100 _a7
101 _aSHM
245 _aSAUERS MANUAL OF SKIN DISEASES
_cHALL.B.J
942 _2udc
_cBK
999 _c7487
_d7487